Read write teach : choice and challenge in the reading-writing workshop /

Bibliographic Details
Main Author: Rief, Linda
Format: Book
Language:English
Published: Portsmouth, NH : Heinemann, [2014]
Subjects:

MARC

Tag First Indicator Second Indicator Subfields
LEADER 00000cam a2200000 i 4500
001 in00003525152
005 20170928135322.0
008 140320s2014 nhua b 000 0 eng
010 |a  2013047428 
019 |a 866621414 
020 |a 9780325053608 (pbk. : alk. paper) 
020 |a 032505360X (pbk. : alk. paper) 
024 8 |a 99964396813 
035 |a (OCoLC)ocn866617066 
035 |a (OCoLC)866617066 
040 |a DLC  |b eng  |e rda  |c DLC  |d BTCTA  |d YDXCP  |d OCLCF  |d UtOrBLW 
042 |a pcc 
049 |a TXAM 
050 0 0 |a LB1576  |b .R5194 2014 
082 0 0 |a 428.0071/2  |2 23 
100 1 |a Rief, Linda.  |0 http://id.loc.gov/authorities/names/n91099401 
245 1 0 |a Read write teach :  |b choice and challenge in the reading-writing workshop /  |c Linda Rief ; foreword by Maja Wilson. 
264 1 |a Portsmouth, NH :  |b Heinemann,  |c [2014] 
300 |a xxxiv, 258 pages :  |b illustrations ;  |c 24 cm 
336 |a text  |b txt  |2 rdacontent 
337 |a unmediated  |b n  |2 rdamedia 
338 |a volume  |b nc  |2 rdacarrier 
504 |a Includes bibliographical references. 
650 0 |a English language  |x Composition and exercises  |x Study and teaching (Elementary)  |0 http://id.loc.gov/authorities/subjects/sh90001506 
650 0 |a English language  |x Composition and exercises  |x Study and teaching (Middle school) 
650 0 |a Teachers' workshops.  |0 http://id.loc.gov/authorities/subjects/sh85133051 
650 7 |a English language  |x Composition and exercises  |x Study and teaching (Elementary)  |2 fast  |0 (OCoLC)fst00911034 
650 7 |a English language  |x Composition and exercises  |x Study and teaching (Middle school)  |2 fast  |0 (OCoLC)fst00911040 
650 7 |a Teachers' workshops.  |2 fast  |0 (OCoLC)fst01144542 
938 |a Baker and Taylor  |b BTCP  |n BK0014215195 
938 |a YBP Library Services  |b YANK  |n 11436239 
938 |a YBP Library Services  |b YANK  |n 11808283 
947 |a A14842912306 
945 |a PromptCat  |b 351757 
946 |a stk 
994 |a 92  |b TXA 
948 |a Cataloged  |b h  |c 2015/10/15  |d c  |e AReeder 
999 f f |s a3fefcc1-968e-3e23-bbbd-d8b16dad2137  |i e085470f-944b-3c52-a622-bd599a8c24c3  |t 0 
952 f f |p normal  |a Texas A&M University  |b College Station  |c Sterling C. Evans Library  |d Evans: Library Stacks  |t 0  |e LB1576 .R5194 2014  |h Library of Congress classification  |i unmediated -- volume  |m A14842912306 
998 f f |a LB1576 .R5194 2014  |t 0  |l Evans: Library Stacks